Click to Translate - Turkmen - Statistics

General Stats
  • This quiz has been taken 394 times
  • The average score is 13 of 20
Answer Stats
Hint Answer % Correct
Welcome Hoş geldiňiz
85%
Bicycle Welosiped
78%
Two Iki
77%
Who Kim
75%
Water Suw
75%
This Bu
73%
You Sen
72%
Flag Baýdak
65%
School Mekdep
62%
Hair Saç
62%
Mirror Aýna
61%
Lake Köl
60%
Ball Top
58%
Key Açar
55%
Pencil Galam
55%
Blue Gök
55%
Leg Aýak
54%
Door Gapy
49%
Student Talyp
49%
Please Haýyş
45%
No matching quizzes found
Score Distribution
Percent of People with Each Score
Percentile by Number Answered
Your Score History
You have not taken this quiz